000 00994nam a22003017a 4500
001 BR9402301
003 BR-BrBNA
005 20230928093918.0
007 ta
008 230509b bl.||||| |||| 00| 0 por d
040 _aBR-BrBNA
_bpor
_cBiblioteca Nacional de Agricultura
041 _a(Por)
072 _aJ11; Q04; Q02
_b1215
090 _ 1215 BR9402301
100 1 _aRibeiro, M.A. de A.
110 1 _aEscola Superior de Agricultura Luiz de Queiroz, Piracicaba, SP (Brasil)
_0Tese (Mestre em Ciencias)
245 1 _aAproveitamento tecnologico de castanhas-do-Brasil (Bertholletia excelsa): estudo da qualidade de conservacao
260 3 _aPiracicaba, SP (Brasil):
_c1992.
300 _a118 p.
500 _a5 illus.; 35 tables; Summaries (Eng, Por); 43 ref.
650 _aCastanha do Para
650 _aArmazenamento
650 _aLata de Conserva
650 _aAnalise Quimica
650 _aPreservacao de Alimento
909 _a202309
_bLucia
_c55
_dLucia Elande
942 _cBK
999 _c47858
_d47858